| 000 | 00495nam a2200181Ia 4500 | ||
|---|---|---|---|
| 008 | 131103s9999 xx 000 0 und d | ||
| 040 | _aLoreto College | ||
| 041 | _aEnglish | ||
| 082 |
_a954/NAR _bLCBED/13032 |
||
| 100 | _aNarayana, D. K. | ||
| 245 |
_aHolyfaith history & civics _b for class viiii _cD. K. Narayana |
||
| 260 |
_aNew Delhi _bHoly Faith _c1981 |
||
| 300 |
_a96p. _b ill. _c 22cm. |
||
| 650 | _aHistory | ||
| 651 | _aIndia - History | ||
| 850 | _aLCBED/954/NAR | ||
| 942 | _cBK | ||
| 999 |
_c28650 _d79129 |
||